skbl

Dr Suryya Kumar Bhuyan Library Web-OPAC
ডঃ সূৰ্য্য
কুমাৰ ভূঞা পুথিভঁৰাল ৱেব-অ'পেক

All Research Scholars are advised to clear the annual library fees to continue using Library Resources, Remote Access, Plagiarism Test and Library Clearance.

Cotton University Book Fair 2026

Prehistory (Record no. 57459)

MARC details
000 -LEADER
fixed length control field 00447nam a2200181Ia 4500
001 - CONTROL NUMBER
control field 57551
008 - FIXED-LENGTH DATA ELEMENTS--GENERAL INFORMATION
fixed length control field 140505n ii |||gr||||Z||||||465
020 ## - INTERNATIONAL STANDARD BOOK NUMBER
International Standard Book Number 81-852229-68-6
082 ## - DEWEY DECIMAL CLASSIFICATION NUMBER
Classification number 572.9
100 ## - MAIN ENTRY--PERSONAL NAME
Personal name Habib,
Relator term Irfan.,
245 #0 - TITLE STATEMENT
Title Prehistory
Statement of responsibility, etc. Irfan Habib
Medium Textual Documents
250 ## - EDITION STATEMENT
Edition statement Ist ed-2001.
260 ## - PUBLICATION, DISTRIBUTION, ETC.
Place of publication, distribution, etc. New Delhi
Name of publisher, distributor, etc. Tulika Books
300 ## - PHYSICAL DESCRIPTION
Extent 76p:
Dimensions 24cm.
653 ## - INDEX TERM--UNCONTROLLED
Uncontrolled term Prehistory
653 ## - INDEX TERM--UNCONTROLLED
Uncontrolled term G-Anthropology
942 ## - ADDED ENTRY ELEMENTS (KOHA)
Source of classification or shelving scheme Dewey Decimal Classification
Koha item type Books
Holdings
Withdrawn status Lost status Damaged status Not for loan Collection Home library Current library Shelving location Date acquired Source of acquisition Coded location qualifier Cost, normal purchase price Total checkouts Full call number Barcode Date last seen Copy number Price effective from Koha item type Public note
          Dr. Suryya Kumar Bhuyan Library Dr. Suryya Kumar Bhuyan Library   05/05/2014 14 00000 100.00   572.9 Ha113Pr 422/Anth 14/01/2024 1 05/05/2014 Books 14

Designed and Maintained by Team SKBL
©1901-2026

Powered by Koha